[Event "FRA-ch rapid"]
[Site "Le Blanc Mesnil"]
[Date "2019.05.30"]
[Round "2"]
[White "Ziska, Helgi Dam"]
[Black "Delsaux, Jonathan"]
[Result "1-0"]
[WhiteElo "2533"]
[BlackElo "1929"]
[PlyCount "43"]
[EventDate "2019.05.30"]
[EventType "swiss (rapid)"]
[EventRounds "14"]
[EventCountry "FRA"]
[SourceTitle "CBM 190 Extra"]
[Source "ChessBase"]
[SourceDate "2019.07.15"]
[SourceVersion "1"]
[SourceVersionDate "2019.07.15"]
[SourceQuality "1"]

1. e4 Nf6 2. e5 Nd5 3. d4 d6 4. Nf3 dxe5 5. Nxe5 c6 6. Be2 Bf5 7. 0-0 Nd7 8. Ng4 e6 9. c4 N5f6 10. Ne3 Bg6 11. Nc3 Be7 12. d5 exd5 13. cxd5 cxd5 14. Nexd5 0-0 15. Bf4 Nxd5 16. Nxd5 Bg5 17. Bc7 Qe8 18. Bb5 Bf5 19. Re1 Qc8 20. Bf4 Qd8 21. Bxg5 Qxg5 22. Bxd7 1-0